Classement franchises NBA - plus de joueurs au all star game - Statistiques

Statistiques générales
  • Ce quiz a été pris 255 fois
  • Le résultat moyen est 12 sur 15
Statistiques - réponses
Hint Réponse % Correct
1. 37 sélections Los Angeles Lakers
100%
4. 15 sélections Boston Celtics
98%
9. 10 sélections Miami Heat
90%
5. 14 sélections Chicago Bulls
89%
6. 13 sélections Golden State Warriors
89%
9. 10 sélections San Antonio Spurs
86%
2. 17 sélections Brooklyn Nets
83%
9. 10 sélections Los Angeles Clippers
80%
8. 11 sélections Philadelphia 76ers
77%
3. 16 sélections Houston Rockets
76%
9. 10 sélections Dallas Mavericks
75%
7. 12 sélections Oklahoma City Thunder
73%
9. 10 sélections Phoenix Suns
69%
9. 10 sélections Utah Jazz
62%
9. 10 sélections Minnesota Timberwolves
61%
Aucun quiz correspondant
Distribution des résultats
% des personnes avec chaque résultat
Percentile par nombre de réponses
Votre historique - résultats
Vous n’avez pas pris ce quiz